01650nam a2200169Ia 4500001001300000003001000013008004100023040002500064041000700089100002000096245006200116250001100178260003900189300001200228500117500240650006501415b6608-47460 IT-MiCISF161014s9999||||xx |||||||||||||| ||und|| aIT-MiCISFcIT-MiCISF ait aGilardi Roberto 0aGenitori in regolabRegole, disciplina e responsabilità a1a ed. a Molfetta (BA)bLa Meridianac2008 app. 166 a / genitorialità, autorità, educazione-genitori, progetto / I genitori non hanno più potere come una volta. Anzi, il potere sembra essersi ribaltato nelle mani dei figli: sono loro che decidono quando, come e cosa. La famiglia oggi, infatti, viene definita "affettiva" e non più "normativa". Ed è per questa ragione che, in un contesto mutato, riemerge il bisogno di stabilire come nascono e si condividono le regole. Certo, perché senza regole non è convivenza. Dalla famiglia alla scuola, a tutti gli ambiti sociali sino alle istituzioni pubbliche, la condivisione delle regole costituisce un mezzo necessario per organizzare efficacemente la convivenza. E se è vero che buone regole non possono essere imposte, altrettanto vero è che è troppo semplicistico ridurre tutto all'ascolto dei figli. Questo volume prende per mano i genitori che vogliono riscoprire l'importanza educativa delle regole per la crescita dei loro figli, e come una guida introduce al territorio vasto delle regole, descrivendo atteggiamenti, stili e scelte che possono aiutare o al contrario ostacolare la condivisione efficace della regolazione della vita in una famiglia.  a Genitorialità e problemi educativi / genitorialitàe004